| 000 | 00389pab a2200145 454500 | ||
|---|---|---|---|
| 008 | 180718b1984 xxu||||| |||| 00| 0 eng d | ||
| 100 | _aFrenkal, Orit | ||
| 245 |
_aFlying high _bA case study of Japanese industrial policy |
||
| 260 | _c1984 | ||
| 300 | _a406-20 | ||
| 362 | _aSpring | ||
| 650 | _aIndustry - Japan | ||
| 773 | _aJournal of Policy Analysis and Management | ||
| 909 | _a10596 | ||
| 999 |
_c10596 _d10596 |
||